Anthologie raisonnée de la littérature chinoise

Shranjeno v:
Bibliografske podrobnosti
Glavni avtor: Margoulies, Georges (autor)
Format: Knjiga
Jezik:francoščina
Izdano: París Payot 1948
Serija:Bibliothèque Scientifique
Teme:
Oznake: Označite
Brez oznak, prvi označite!

MARC

LEADER 00000nam a2200000 a 4500
001 UCO5971
003 CL-VaPUC
008 000922e19480000FR |||||||||||||||||fre|d
082 0 4 |a 895.108  |b MAR  |2 21 
100 |a Margoulies, Georges   |e autor  |9 450765 
245 1 0 |a Anthologie raisonnée de la littérature chinoise 
300 |a 456 p 
942 |c BK 
945 |d 20000922 00:00:00  |a crobeson 
260 |a París  |b Payot  |c 1948 
650 7 |a LITERATURA CHINA  |2 CL-VaPUC  |9 352595 
650 7 |a POESIAS CHINAS  |2 CL-VaPUC  |9 267588 
650 7 |a PROSAS CHINAS  |2 CL-VaPUC  |9 450766 
650 0 |a Antologías  |9 309836 
583 |a last modification  |c 20000922 00:00:00  |k Rodrigo Vera 
490 0 |a Bibliothèque Scientifique 
999 |c 291776  |d 291774 
952 |0 0  |1 0  |2 ddc  |4 0  |6 895_108000000000000_MAR_1948  |7 0  |8 A  |9 341947  |a BIBART  |b BIBART  |d 2019-11-20  |i 1224506  |o 895.108 MAR 1948  |p 1224506  |r 2023-01-11  |w 2019-11-20  |y BK  |k ART